书目信息 |
| 题名: |
政治经济学
|
|
| 作者: | 于光远 , 苏星 主编 | |
| 分册: | 上册 资本主义部分 | |
| 出版信息: | 北京 人民出版社 1973.03 |
|
| 页数: | 143页 | |
| 开本: | 19cm | |
| 丛书名: | ||
| 单 册: | ||
| 中图分类: | F038 | |
| 科图分类: | ||
| 主题词: | 资本主义社会--生产方式 | |
| 电子资源: | ||
| ISBN: | ||
| 000 | 00646nam0 2200229 45 | |
| 001 | 0304111010 | |
| 005 | 20070923153856.21 | |
| 010 | @dCNY0.34 | |
| 091 | @a4001.296 | |
| 100 | @a20030411d1973 km y0chiy0120 ea | |
| 101 | 0 | @achi |
| 200 | 1 | @a政治经济学@i资本主义部分@h上册@AZheng Zhi Jing Ji Xue@f于光远,苏星主编@FYu Guang Yuan,Su Xing Zhu Bian |
| 205 | @a第三版 | |
| 210 | @a北京@c人民出版社@d1973.03 | |
| 215 | @a143页@d19cm | |
| 517 | @a资本主义部分@AZi Ben Zhu Yi Bu Fen | |
| 606 | 0 | @a资本主义社会@x生产方式 |
| 690 | @aF038@v3 | |
| 701 | 0 | @a于光远@4主编 |
| 701 | 0 | @a苏星@4主编 |
| 801 | @aCN@bTSTC@c20070923 | |
| 905 | @dF038@e1:1=3 | |
| 政治经济学.资本主义部分.上册/于光远,苏星主编.-第三版.-北京:人民出版社,1973.03 |
| 143页;19cm |
| ISBN :CNY0.34 |
| ● |
| 相关链接 |
|
|
|
|
正题名:政治经济学
索取号:F038/1:1=3
 
预约/预借
| 序号 | 登录号 | 条形码 | 馆藏地/架位号 | 状态 | 备注 |
| 1 | 0609538 | 206095385 | 密集书库/ [索取号:F038/1:1=3] | 在馆 | |
| 2 | 0609834 | 206098346 | 密集书库/ [索取号:F038/1:1=3] | 在馆 |